[Event "GER-ch Net qual4 U18"]
[Site "Playchess.com INT"]
[Date "2012.09.12"]
[Round "7"]
[White "Baum, Felix"]
[Black "Fluechter, Gregor"]
[Result "0-1"]
[WhiteElo "1768"]
[BlackElo "1845"]
[PlyCount "70"]
[EventDate "2012.09.12"]
[EventType "swiss (blitz)"]
[EventRounds "7"]
[EventCountry "GER"]
[SourceTitle "CBM 150 Extra"]
[Source "ChessBase"]
[SourceDate "2012.10.19"]
[SourceVersion "1"]
[SourceVersionDate "2012.10.19"]
[SourceQuality "1"]

1. b3 d5 2. Bb2 e6 3. f4 b6 4. Nf3 Bb7 5. e3 c5 6. Bb5+ Bc6 7. Qe2 a6 8. Bxc6+ Nxc6 9. Ne5 Nxe5 10. Bxe5 Nf6 11. 0-0 Bd6 12. Bb2 0-0 13. g4 Nd7 14. g5 f6 15. h4 fxg5 16. hxg5 e5 17. Qh5 exf4 18. g6 Nf6 19. Bxf6 Rxf6 20. Qxh7+ Kf8 21. Qh8+ Ke7 22. Qxg7+ Ke6 23. Nc3 Qe8 24. Rfe1 Rxg6+ 25. Kf2 Rxg7 26. exf4+ Kf7 27. Rxe8 Rxe8 28. Nxd5 b5 29. Ne3 Bxf4 30. Nf5 Rg6 31. Kf3 Bxd2 32. Rd1 Rf6 33. Rxd2 Rxf5+ 34. Kg4 Rf6 35. Rd7+ Re7 0-1

[Event "GER-ch Net qual4 U18"]
[Site "Playchess.com INT"]
[Date "2012.09.12"]
[Round "5"]
[White "Baum, Felix"]
[Black "Wiesner, Paula"]
[Result "1-0"]
[WhiteElo "1768"]
[BlackElo "1662"]
[PlyCount "43"]
[EventDate "2012.09.12"]
[EventType "swiss (blitz)"]
[EventRounds "7"]
[EventCountry "GER"]
[SourceTitle "CBM 150 Extra"]
[Source "ChessBase"]
[SourceDate "2012.10.19"]
[SourceVersion "1"]
[SourceVersionDate "2012.10.19"]
[SourceQuality "1"]

1. b3 d5 2. Bb2 Nf6 3. f4 e6 4. Nf3 Nbd7 5. e3 c5 6. Bb5 Be7 7. Ne5 0-0 8. 0-0 Nxe5 9. fxe5 Nd7 10. Bxd7 Bxd7 11. Qg4 Qc7 12. Na3 a6 13. c4 dxc4 14. Nxc4 b5 15. Nd6 f6 16. exf6 Bxf6 17. Bxf6 Rxf6 18. Rxf6 Qxd6 19. Raf1 e5 20. Qg3 Qxd2 21. Rf7 g6 22. Qxe5 1-0

[Event "GER-ch Net qual4 U18"]
[Site "Playchess.com INT"]
[Date "2012.09.12"]
[Round "6"]
[White "Lavrinenkov, Vadim"]
[Black "Baum, Felix"]
[Result "1-0"]
[WhiteElo "2119"]
[BlackElo "1768"]
[PlyCount "49"]
[EventDate "2012.09.12"]
[EventType "swiss (blitz)"]
[EventRounds "7"]
[EventCountry "GER"]
[SourceTitle "CBM 150 Extra"]
[Source "ChessBase"]
[SourceDate "2012.10.19"]
[SourceVersion "1"]
[SourceVersionDate "2012.10.19"]
[SourceQuality "1"]

1. b3 Nf6 2. Bb2 g6 3. Bxf6 exf6 4. c4 Bg7 5. Nc3 0-0 6. Nf3 Nc6 7. e3 d6 8. Be2 Be6 9. 0-0 Qe7 10. d4 Bg4 11. Rc1 Rfe8 12. Nd5 Qd7 13. h3 Be6 14. Nf4 Bh6 15. d5 Bxf4 16. exf4 Bf5 17. dxc6 Qxc6 18. Nd4 Qd7 19. Nxf5 Qxf5 20. Qd2 Re7 21. Bg4 Qc5 22. Rfe1 Rae8 23. Rxe7 Rxe7 24. Re1 Rd7 25. Bxd7 1-0

[Event "GER-chT U16"]
[Site "Naumburg"]
[Date "2010.12.29"]
[Round "5.4"]
[White "Baum, Felix"]
[Black "Barkey, Thies"]
[Result "1-0"]
[WhiteElo "1414"]
[BlackElo "1447"]
[PlyCount "120"]
[EventDate "2010.12.27"]
[EventType "team-swiss"]
[EventRounds "7"]
[EventCountry "GER"]
[SourceTitle "CBM 140 Extra"]
[Source "ChessBase"]
[SourceDate "2011.03.01"]
[SourceVersion "1"]
[SourceVersionDate "2011.03.01"]
[SourceQuality "1"]
[WhiteTeam "Karlsruhe"]
[BlackTeam "Lippstadt Turm"]
[WhiteTeamCountry "GER"]
[BlackTeamCountry "GER"]

1. b3 d5 2. Bb2 Bg4 3. f4 e6 4. Nf3 Bxf3 5. exf3 Nf6 6. Nc3 Nbd7 7. Bd3 c6 8. Qe2 Bd6 9. f5 e5 10. 0-0-0 a6 11. Rde1 0-0 12. g4 Ne8 13. h4 f6 14. Reg1 Be7 15. Qh2 b5 16. g5 Nc7 17. g6 h6 18. h5 Nb6 19. Nd1 Bd6 20. Qf2 c5 21. Ne3 c4 22. Be2 Bc5 23. b4 Bxe3 24. Qxe3 d4 25. Qf2 Ncd5 26. c3 d3 27. Bd1 Qd7 28. Kb1 Qxf5 29. Rg4 Rfe8 30. Rhh4 Nd7 31. Re4 a5 32. a3 Ra6 33. Qe1 Rea8 34. f4 Qe6 35. fxe5 f5 36. Rd4 Nxe5 37. bxa5 Rxa5 38. Bf3 Rd8 39. Bxd5 Rxd5 40. Rxd5 Qxd5 41. Rd4 Qa8 42. Qxe5 Qh1+ 43. Bc1 Qa8 44. Qe7 Qf8 45. Rd8 Ra8 46. Qe6+ Kh8 47. Rxf8+ Rxf8 48. Qf7 Rb8 49. Qxf5 Kg8 50. Qd5+ Kh8 51. Qe5 Rf8 52. Qxb5 Rc8 53. a4 Kg8 54. a5 Kf8 55. a6 Ke7 56. a7 Kd6 57. Qb7 Rc7 58. Qxc7+ Kxc7 59. a8Q Kd6 60. Qa5 Kc6 1-0

[Event "GER-chT U16"]
[Site "Naumburg"]
[Date "2010.12.27"]
[Round "1.4"]
[White "Baum, Felix"]
[Black "Vogt, Marc Jonas"]
[Result "0-1"]
[WhiteElo "1414"]
[BlackElo "1791"]
[PlyCount "78"]
[EventDate "2010.12.27"]
[EventType "team-swiss"]
[EventRounds "7"]
[EventCountry "GER"]
[SourceTitle "CBM 140 Extra"]
[Source "ChessBase"]
[SourceDate "2011.03.01"]
[SourceVersion "1"]
[SourceVersionDate "2011.03.01"]
[SourceQuality "1"]
[WhiteTeam "Karlsruhe"]
[BlackTeam "Stade"]
[WhiteTeamCountry "GER"]
[BlackTeamCountry "GER"]

1. b3 d5 2. Bb2 Nf6 3. f4 c5 4. Nf3 Nc6 5. e3 Bg4 6. Bb5 g6 7. h3 Bd7 8. d3 Qa5+ 9. Nc3 d4 10. Bxc6 Bxc6 11. exd4 cxd4 12. Nxd4 Bxg2 13. Rh2 Bc6 14. Nxc6 bxc6 15. Qd2 Bh6 16. Rf2 Qh5 17. Qe3 0-0 18. Qf3 Qc5 19. Ne4 Nxe4 20. Qxe4 Bg7 21. Bxg7 Kxg7 22. Qc4 Qe3+ 23. Kf1 Qxh3+ 24. Kg1 Qg3+ 25. Kf1 Rac8 26. Qd4+ Kg8 27. Qxa7 Qh4 28. a4 Qh1+ 29. Ke2 Qxa1 30. Qc5 Qf6 31. a5 Rfd8 32. Rf1 Rd5 33. Qb6 Qe6+ 34. Kd2 Qg4 35. Qb7 Rcd8 36. a6 Qg2+ 37. Kc3 Qxf1 38. a7 Qe1+ 39. Kb2 Ra5 0-1

[Event "GER-chT U16"]
[Site "Naumburg"]
[Date "2010.12.27"]
[Round "2.4"]
[White "Straesser, Martin"]
[Black "Baum, Felix"]
[Result "0-1"]
[WhiteElo "1258"]
[BlackElo "1414"]
[PlyCount "50"]
[EventDate "2010.12.27"]
[EventType "team-swiss"]
[EventRounds "7"]
[EventCountry "GER"]
[SourceTitle "CBM 140 Extra"]
[Source "ChessBase"]
[SourceDate "2011.03.01"]
[SourceVersion "1"]
[SourceVersionDate "2011.03.01"]
[SourceQuality "1"]
[WhiteTeam "Naumburg"]
[BlackTeam "Karlsruhe"]
[WhiteTeamCountry "GER"]
[BlackTeamCountry "GER"]

1. d4 e6 2. c4 Nf6 3. Nc3 c6 4. Nf3 d5 5. cxd5 exd5 6. Bg5 Bf5 7. e3 Qb6 8. Qd2 Ne4 9. Nxe4 Bxe4 10. Be2 Bb4 11. 0-0 Bxd2 12. Nxd2 Na6 13. Nxe4 dxe4 14. b3 Nb4 15. Rfd1 Nd5 16. Bc4 f6 17. Bh4 0-0-0 18. Rac1 h5 19. h3 Qc7 20. Bxd5 Rxd5 21. Rc5 Rxc5 22. dxc5 Rd8 23. Rxd8+ Qxd8 24. g4 Qd1+ 25. Kh2 hxg4 0-1